000
00341pab a2200145 454500
008
180718b2006 xxu||||| |||| 00| 0 eng d
100
_a
Banerjee, Gautam
245
_a
A living heritage we should cherish
260
_c
2006
300
_a
p.60-63.
362
_a
30 Jan
650
_a
Languages
773
_a
University News
909
_a
68767
999
_c
68767
_d
68767